000 00505cam a22002171 4500
001 sa 63002037
003 DLC
005 20260227111931.0
008 890511s1962 ii 000 0 hino
010 _asa 63002037
035 _a(OCoLC)19693713
040 _aDLC
_cWaU
_dDLC
042 _apremarc
050 0 0 _aPK2098.B494
_bJ5
100 1 _aBhaṭanāgara, Mahendra,
_d1926-
245 1 0 _aJijīvishā.
260 _c[1962]
300 _a87 p.
_c23 cm.
500 _aIn Hindi.
500 _aPoems.
999 _c54268
_d54268